Návrh tvorby výrokových množín v multiagentovom systéme

Uložené v:
Podrobná bibliografia
Hlavný autor: Hubčík, Michal (Autor)
Ďalší autori: Dorner, Jozef, 1950- (Vedúci práce)
Médium: Rukopis Kniha
Jazyk:Slovak
Vydavateľské údaje: Bratislava : STU v Bratislave FEI, 2008
Predmet:
Tagy: Pridať tag
Žiadne tagy, Buďte prvý, kto otaguje tento záznam!

MARC

LEADER 00000ntm a22000003a 4500
001 stu171294
005 20160719165115.0
008 081003s2008------------------------slo-d
040 |a STU  |b slo 
041 0 |a slo 
100 1 |a Hubčík, Michal  |4 aut 
245 1 |a Návrh tvorby výrokových množín v multiagentovom systéme 
260 |a Bratislava :  |b STU v Bratislave FEI,  |c 2008 
300 |a 76 s 
650 7 |a automatizácia  |2 stusub 
650 7 |a robotika  |2 stusub 
650 7 |a multiagentové systémy  |2 stusub 
700 1 |a Dorner, Jozef,  |d 1950-  |4 ths  |u E010  |T FEI Ústav riadenia a priemyselnej informatiky  |X 4937  |U E010  |Y E010  |7 A000004937